Rhymes with 'Need' Quiz Stats

 Plays Quiz Updated Sep 2, 2014

Support Sporcle.
Go Orange.
Score 0/31 Timer 05:00
1 Play Today
% Correct
seed
95.3%
lead
95%
heed
94.8%
feed
94.2%
deed
94.1%
bead
93.2%
weed
92.8%
peed
91.5%
mead
90.9%
greed
87.9%
creed
87.8%
reed
87.3%
breed
86.5%
bleed
84.3%
teed
83.7%
freed
82.8%
% Correct
read
81.8%
steed
75.3%
speed
74.1%
plead
71.1%
treed
68.8%
meed
62.5%
cede
58%
geed
56.6%
knead
53.7%
keyed
52.8%
kneed
44.7%
tweed
42.3%
skied
35.5%
lede
24.5%
screed
21.1%

You're not logged in!

Compare scores with friends on all Sporcle quizzes.
OR
Log In

From the Vault

8-Letter Word Scramble III

by razorz

Who's ready for a ride on the scrambler?
Remove Ads.
Support Sporcle.
Get the best of Sporcle when you Go Orange. This ad-free experience offers more features, more stats, and more fun while also helping to support Sporcle. Thank you for becoming a member.

Show Comments

Extras

Top Quizzes Today


Score Distribution

Your Account Isn't Verified!

In order to create a playlist on Sporcle, you need to verify the email address you used during registration. Go to your Sporcle Settings to finish the process.

Report this User

Report this user for behavior that violates our Community Guidelines.

Details: